Optical Remote Sensing: Science and Technology / (Record no. 616195)

000 -LEADER
fixed length control field 00500nam a22001817a 4500
003 - CONTROL NUMBER IDENTIFIER
control field NUST
005 - DATE AND TIME OF LATEST TRANSACTION
control field 20260212164458.0
008 - FIXED-LENGTH DATA ELEMENTS--GENERAL INFORMATION
fixed length control field 260212b ||||| |||| 00| 0 eng d
020 ## - INTERNATIONAL STANDARD BOOK NUMBER
International Standard Book Number 978-0824741310
082 ## - DEWEY DECIMAL CLASSIFICATION NUMBER
Classification number 621.3678
Author Mark EGA
100 ## - MAIN ENTRY--PERSONAL NAME
Personal name Walter G. Egan.
9 (RLIN) 133190
245 ## - TITLE STATEMENT
Title Optical Remote Sensing: Science and Technology /
Statement of responsibility, etc. Walter G. Egan.
250 ## - EDITION STATEMENT
Edition statement 1st Edition
260 ## - PUBLICATION, DISTRIBUTION, ETC.
Place of publication, distribution, etc. USA:
Name of publisher, distributor, etc. Marcel Dekker,
Date of publication, distribution, etc. 2003.
300 ## - PHYSICAL DESCRIPTION
Extent vii, 507 p ;
Dimensions 28.00 cm
563 ## - BINDING INFORMATION
Binding note Hardcover
942 ## - ADDED ENTRY ELEMENTS (KOHA)
Source of classification or shelving scheme
Koha item type Book
Holdings
Withdrawn status Lost status Source of classification or shelving scheme Damaged status Not for loan Permanent Location Current Location Date acquired Total Checkouts Full call number Barcode Date last seen Price effective from Koha item type
          Institute of Geographical Information Systems (IGIS) Institute of Geographical Information Systems (IGIS) 02/12/2026   621.3678 EGA IGIS-242 02/12/2026 02/12/2026 Book
          Institute of Geographical Information Systems (IGIS) Institute of Geographical Information Systems (IGIS) 02/12/2026   621.3678 EGA IGIS-244 02/12/2026 02/12/2026 Book
          Institute of Geographical Information Systems (IGIS) Institute of Geographical Information Systems (IGIS) 02/12/2026   621.3678 EGA IGIS-245 02/12/2026 02/12/2026 Book
          Institute of Geographical Information Systems (IGIS) Institute of Geographical Information Systems (IGIS) 02/12/2026   621.3678 EGA IGIS-246 02/12/2026 02/12/2026 Book
          Institute of Geographical Information Systems (IGIS) Institute of Geographical Information Systems (IGIS) 02/12/2026   621.3678 EGA IGIS-247 02/12/2026 02/12/2026 Book
© 2023 Central Library, National University of Sciences and Technology. All Rights Reserved.